000 00870nab a22002297a 4500
003 BR-BrBNA
005 20240108150359.0
008 240108b bl.||||| |||| 00| 0 por d
040 _aBR-BrBNA
_bpor
072 _aL01 ; S01 ; Q04
_b5600 ; 9706
100 _aGuimarães, Léo
245 _aZootecnia: produção de alimentos, desafio mundial
650 _aCOELHO
650 _aMAMÍFERO DOMÉSTICO
650 _aCARNE
650 _aALIMENTO ANIMAL
650 _aPROTEÍNA
650 _aDIGESTIBILIDADE
773 0 _01330
_9275218
_dCampinas-SP Coordenadoria de Assistência Técnica Integral - CATI - Centro de Comunicação Rural e Treinamento - CECORT 1979. Data final de publicação em 1990
_o2023-437026
_tCasa da Agricultura (Brazil)
_x0100-6541
_gv. 1(4) p. 33 (Aug-Sep 1979)
_wBR2023002312
942 _cAnalítica
999 _c298289
_d298289